[Event "11th European Senior Chess Rapid Championship"]
[Site "Courmayeur, Aosta Valley - Italy"]
[Date "2011.04.05"]
[Round "6"]
[Board "1"]
[White "Butnorius, Algimantas"]
[Black "Kupreichik, Viktor D"]
[Result "1/2-1/2"]
[WhiteElo "2388"]
[BlackElo "2431"]
[PlyCount "45"]
[EventDate "2011.04.04"]
[EventRounds "9"]
[EventCountry "ITA"]

1.d4 d5 2.Nf3 c6 3.c4 dxc4 4.e3 Be6 5.Nc3 b5 6.a4 b4 7.Ne4 Nf6 8.Nxf6+ exf6
9.Be2 Nd7 10.Nd2 c3 11.bxc3 bxc3 12.Ne4 Bb4 13.O-O f5 14.Ng3 O-O 15.Qc2 g6 16.e4
fxe4 17.Nxe4 Bf5 18.Bd3 Nf6 19.Nxc3 Qxd4 20.Bxf5 Qxc3 21.Bb2 {?xf6 Be4} Rfe8
{Bf3 Bf8} 22.Rac1 Rac8 23.Rfd1 {Bg7}

[Event "11th European Senior Chess Rapid Championship"]
[Site "Courmayeur, Aosta Valley - Italy"]
[Date "2011.04.05"]
[Round "6"]
[Board "1"]
[White "Khmiadashvili, Tamar"]
[Black "Timoscenko, Gennadij"]
[Result "0-1"]
[WhiteElo "2194"]
[BlackElo "2502"]
[PlyCount "94"]
[EventDate "2011.04.04"]
[EventRounds "9"]
[EventCountry "ITA"]

1.c4 e5 2.Nc3 Nf6 3.e4 Bc5 4.d3 O-O 5.Be3 Bxe3 6.fxe3 c6 7.Qd2 d5 8.Nf3 Re8
9.O-O-O Na6 10.exd5 cxd5 11.e4 dxe4 12.dxe4 Bd7 13.Qg5 h6 14.Qe3 Nc5 15.Kb1 Qa5
16.Nd2 Rac8 17.h3 a6 18.g4 b5 19.Nd5 Nxd5 20.cxd5 Na4 21.Nb3 Qb4 22.Be2 Rc4
23.Bxc4 bxc4 24.Qd2 Qb5 25.Qa5 cxb3 26.Qxb5 bxa2+ 27.Kxa2 Bxb5 28.Rc1 Nb6 29.b3
Nc8 30.Rc3 Nd6 31.Re1 g5 32.Ka3 Kg7 33.Kb4 Rb8 34.Ka5 Kg6 35.Rf3 f6 36.Rc3 h5
37.Rf3 Bd7 38.Rc3 Bxg4 39.Rc6 Ne8 40.b4 Bd7 41.Rb6 Rxb6 42.Kxb6 Bb5 43.Kc5 g4
44.d6 f5 45.exf5+ Kxf5 46.Rd1 Nf6 47.Rd2 Ne4+

[Event "11th European Senior Chess Rapid Championship"]
[Site "Courmayeur, Aosta Valley - Italy"]
[Date "2011.04.05"]
[Round "6"]
[Board "1"]
[White "Tseitlin, Mark D"]
[Black "Miednikova, Swietlana"]
[Result "1-0"]
[WhiteElo "2420"]
[BlackElo "2169"]
[PlyCount "50"]
[EventDate "2011.04.04"]
[EventRounds "9"]
[EventCountry "ITA"]

1.e4 e5 2.Nf3 Nc6 3.Bb5 a6 4.Ba4 d6 5.O-O Bd7 6.d4 Nge7 7.c3 Ng6 8.d5 Nb8 9.Bc2
Be7 10.c4 h6 11.Nc3 Bg5 12.Nd2 Bxd2 13.Bxd2 Qh4 14.f3 Nf4 15.Ne2 Nxe2+ 16.Qxe2
O-O 17.b4 a5 18.a3 axb4 19.axb4 Rxa1 20.Rxa1 Na6 21.Bd3 f5 22.Qe1 Qf6 23.Qb1
fxe4 24.Bxe4 Bf5 25.Bxf5 Qxf5 {?xg1 Kf7}

[Event "11th European Senior Chess Rapid Championship"]
[Site "Courmayeur, Aosta Valley - Italy"]
[Date "2011.04.05"]
[Round "6"]
[Board "1"]
[White "Zhelesny, Stanislav"]
[Black "Gaprindashvili, Nona"]
[Result "0-1"]
[WhiteElo "2172"]
[BlackElo "2362"]
[PlyCount "58"]
[EventDate "2011.04.04"]
[EventRounds "9"]
[EventCountry "ITA"]

1.Nf3 g6 2.d4 d6 3.g3 Nd7 4.Bg2 e5 5.dxe5 dxe5 6.O-O Bg7 7.c4 Nh6 8.Bg5 f6 9.Bc1
Nf7 10.Nc3 c6 11.e4 O-O 12.Be3 Qe7 13.Qc2 Nc5 14.b4 Ne6 15.a3 f5 16.Rad1 f4
17.gxf4 exf4 18.Bd4 Nxd4 19.Nxd4 Ne5 20.Nf3 Nxc4 21.Qb3 Be6 22.Nd5 cxd5 23.exd5
Bf7 24.Qxc4 Rac8 25.Qxf4 Bxd5 26.Qg5 Qxg5 27.Nxg5 {?xf8 f4} h6 28.Ne6 Bb2 {Rf3
Kf7} 29.Nc5 Rc7

[Event "11th European Senior Chess Rapid Championship"]
[Site "Courmayeur, Aosta Valley - Italy"]
[Date "2011.04.05"]
[Round "6"]
[Board "1"]
[White "Strutinskaya, Galina N"]
[Black "Sinelnikov, Igor"]
[Result "1-0"]
[WhiteElo "2269"]
[BlackElo "2190"]
[PlyCount "38"]
[EventDate "2011.04.04"]
[EventRounds "9"]
[EventCountry "ITA"]

1.d4 d6 2.e4 Nf6 3.Nc3 g6 4.Nf3 Bg7 5.Be2 O-O 6.O-O Bg4 7.h3 Bxf3 8.Bxf3 Nc6
9.d5 Ne5 10.Be2 c6 11.f4 Qb6+ 12.Kh2 Ned7 13.Rb1 cxd5 14.Nxd5 Nxd5 15.Qxd5 Rac8
16.c4 a5 17.b3 e6 {?xd5 [%clk 0:00.00] ?xd7 [%clk 0:00.00]} 18.Bf3 Rfd8 19.Be3
Qc7

[Event "11th European Senior Chess Rapid Championship"]
[Site "Courmayeur, Aosta Valley - Italy"]
[Date "2011.04.05"]
[Round "7"]
[Board "1"]
[White "Timoscenko, Gennadij"]
[Black "Tseitlin, Mark D"]
[Result "1/2-1/2"]
[WhiteElo "2502"]
[BlackElo "2420"]
[PlyCount "68"]
[EventDate "2011.04.04"]
[EventRounds "9"]
[EventCountry "ITA"]

1.d4 Nf6 2.c4 g6 3.Nc3 d5 4.Bf4 Bg7 5.e3 O-O 6.Rc1 c6 7.Nf3 Bg4 8.h3 Bxf3 9.Qxf3
Qa5 10.Bd3 Nbd7 11.O-O dxc4 12.Bxc4 e5 13.Bh2 exd4 14.exd4 Nb6 15.Bb3 Rad8
16.Rcd1 Nbd5 17.Rfe1 Rfe8 18.Be5 Nxc3 19.bxc3 Nd5 20.Bxg7 Kxg7 21.Rxe8 Rxe8
22.h4 h5 23.g3 Re7 24.Rc1 Qa3 25.Rc2 Qd6 26.Kg2 b5 27.c4 bxc4 28.Rxc4 Rd7 29.Rc5
Qe6 30.Ra5 Qf6 31.Bxd5 Rxd5 32.Rxd5 Qxf3+ 33.Kxf3 cxd5 34.Kf4 f6

[Event "11th European Senior Chess Rapid Championship"]
[Site "Courmayeur, Aosta Valley - Italy"]
[Date "2011.04.05"]
[Round "7"]
[Board "1"]
[White "Lederman, Leon"]
[Black "Strutinskaya, Galina N"]
[Result "0-1"]
[WhiteElo "2266"]
[BlackElo "2269"]
[PlyCount "33"]
[EventDate "2011.04.04"]
[EventRounds "9"]
[EventCountry "ITA"]

1.e4 c5 2.Nf3 Nc6 3.d4 cxd4 4.Nxd4 Nf6 5.Nc3 e6 6.a3 d5 7.Bb5 Bd7 8.exd5 exd5
9.Bg5 Be7 10.O-O O-O 11.Nf3 Be6 12.Re1 h6 13.Bh4 Rc8 14.Nd4 Bg4 15.Qd3 Be6
16.Rad1 a6 17.Ba4

[Event "11th European Senior Chess Rapid Championship"]
[Site "Courmayeur, Aosta Valley - Italy"]
[Date "2011.04.05"]
[Round "7"]
[Board "1"]
[White "Miednikova, Swietlana"]
[Black "Khmiadashvili, Tamar"]
[Result "1/2-1/2"]
[WhiteElo "2169"]
[BlackElo "2194"]
[PlyCount "73"]
[EventDate "2011.04.04"]
[EventRounds "9"]
[EventCountry "ITA"]

1.e4 c6 2.d4 Na6 3.Nc3 Nc7 4.Bf4 d6 5.Qd2 g6 6.Nf3 Bg7 7.a4 Bg4 8.Be2 Bxf3
9.Bxf3 e5 10.Be3 Ne6 11.Ne2 h5 12.d5 cxd5 13.Qxd5 Qd7 14.c3 Ne7 15.Qb5 a6
16.Qxd7+ Kxd7 17.O-O Bh6 18.Bb6 Nc8 19.Ba5 b6 20.Bb4 Rd8 21.c4 a5 22.Bc3 Ne7
23.Rfd1 Nc6 24.g3 Ke7 25.Rab1 Rac8 26.Bg2 g5 27.b3 g4 28.h4 Nc5 29.Ba1 Nb4
30.Nc3 Ne6 31.Nd5+ Nxd5 32.Rxd5 Rc5 33.Rdd1 Bg7 34.f3 gxf3 35.Bxf3 Rh8 36.Kf2
Nd4 37.Rd3

[Event "11th European Senior Chess Rapid Championship"]
[Site "Courmayeur, Aosta Valley - Italy"]
[Date "2011.04.05"]
[Round "9"]
[Board "1"]
[White "Timoscenko, Gennadij"]
[Black "Kupreichik, Viktor D"]
[Result "1-0"]
[WhiteElo "2502"]
[BlackElo "2431"]
[PlyCount "103"]
[EventDate "2011.04.04"]
[EventRounds "9"]
[EventCountry "ITA"]

1.d4 d5 2.Nf3 c6 3.e3 Bf5 4.Bd3 Bxd3 5.Qxd3 Nf6 6.c4 e6 7.Nc3 Nbd7 8.O-O Bb4
9.Bd2 dxc4 10.Qxc4 a5 11.a3 Bd6 12.e4 e5 13.Bg5 O-O 14.Rad1 Qe7 15.d5 Rfc8
16.dxc6 Rxc6 17.Qb5 Rb6 18.Qe2 Qe6 19.Nd5 Nxd5 20.Rxd5 Nf6 21.Bxf6 Qxf6 22.Rfd1
a4 23.g3 h6 24.Kg2 Rc6 25.Nh4 Rac8 26.Nf5 Bf8 27.Rd7 Rc2 28.R1d2 Rxd2 29.Qxd2
Qc6 30.Qd5 Qxd5 31.exd5 Rc2 32.d6 g6 33.Ne7+ Kg7 34.Rxb7 Rd2 35.Nc8 Bxd6 36.Rd7
Bb4 37.Rxd2 Bxd2 38.Nb6 Kf6 39.Kf3 Ke6 40.Nxa4 Kd5 41.Ke2 Ba5 42.b4 Bc7 43.Nc5
f5 44.f3 h5 45.h3 e4 46.fxe4+ fxe4 47.g4 hxg4 48.hxg4 Be5 49.Nd7 Bb2 50.Nb6+ Kd4
51.a4 Bc3 52.a5

[Event "11th European Senior Chess Rapid Championship"]
[Site "Courmayeur, Aosta Valley - Italy"]
[Date "2011.04.05"]
[Round "9"]
[Board "1"]
[White "Okhotnik, Vladimir"]
[Black "Chernikov, Oleg L"]
[Result "1-0"]
[WhiteElo "2458"]
[BlackElo "2438"]
[PlyCount "41"]
[EventDate "2011.04.04"]
[EventRounds "9"]
[EventCountry "ITA"]

1.e4 c5 2.Nf3 d6 3.Bc4 Nf6 4.d3 Nc6 5.c3 g6 6.Ng5 e6 7.f4 d5 8.Bb3 c4 9.exd5
cxb3 10.dxc6 bxa2 11.Rxa2 Qd5 12.Qf3 bxc6 13.Ra5 Bd6 14.Na3 Qxf3 15.Nxf3 Bc7
16.Ra4 Nd5 17.Nc4 Bd7 18.Nfe5 f6 19.Nxd7 Kxd7 20.g3 Nb6 21.Ra6

[Event "11th European Senior Chess Rapid Championship"]
[Site "Courmayeur, Aosta Valley - Italy"]
[Date "2011.04.05"]
[Round "9"]
[Board "1"]
[White "Strutinskaya, Galina N"]
[Black "Tseitlin, Mark D"]
[Result "1/2-1/2"]
[WhiteElo "2269"]
[BlackElo "2420"]
[PlyCount "319"]
[EventDate "2011.04.04"]
[EventRounds "9"]
[EventCountry "ITA"]

1.d4 Nf6 2.c4 g6 3.Nc3 d5 4.Bg5 Ne4 5.Bf4 Nxc3 6.bxc3 dxc4 7.Qa4+ Nc6 8.e3 Bg7
9.Nf3 O-O 10.Bxc4 Qe8 11.Bb3 Bd7 12.Qc4 e5 13.Bg3 Be6 14.Qe2 Bg4 15.h3 Bxf3
16.gxf3 Qd7 17.Rd1 exd4 18.cxd4 Na5 19.Bc2 b5 20.Kf1 Nc4 21.Bd3 Nd6 22.Bxd6 Qxd6
23.Bxb5 Rab8 24.Kg2 c5 25.dxc5 Qxc5 26.a4 a6 27.Bxa6 Rb2 28.Rd2 Qg5+ 29.Kf1 Rfb8
30.Bb5 Rb1+ 31.Rd1 Rb2 32.Qc4 Qh5 33.Qf4 Be5 34.Qg4 Qh6 35.f4 Bf6 36.h4 Qf8
37.h5 Qb4 38.Rg1 Qc3 39.hxg6 hxg6 40.f5 Qc2 41.Rg2 Rd8 42.Rxd8+ Bxd8 43.Rh2 Bc7
44.fxg6 Bxh2 45.gxf7+ Kxf7 46.Qh5+ Ke7 47.Qh4+ Ke6 48.Qh6+ Kd5 49.Qxh2 Rb1+
50.Kg2 Qe4+ 51.Kg3 Rh1 52.Qg2 Qxg2+ 53.Kxg2 Ra1 54.Kg3 Ke5 55.Bc6 Rg1+ 56.Kf3
Rc1 57.Bb5 Ra1 58.Be8 Ra2 59.Kg3 Ra1 60.Bc6 Kd6 61.Bb5 Ke5 62.Bd7 Kd6 63.Be8 Ke5
64.Kf3 Ra2 65.Bc6 Rc2 66.Bb5 Ra2 67.Kg3 Ra1 68.Bc6 Kd6 69.Be8 Ke5 70.Bb5 Rg1+
71.Kf3 Ra1 72.Kg3 Rg1+ 73.Kh2 Ra1 74.Be8 Rf1 75.Kg2 Ra1 76.f3 Ra2+ 77.Kg3 Ra3
78.Kf2 Ra2+ 79.Kg3 Ra3 80.e4 Ra1 81.Bc6 Rg1+ 82.Kf2 Ra1 83.Kg3 Rg1+ 84.Kf2 Ra1
85.Ke3 Ra3+ 86.Ke2 Kf4 87.Bb5 Rxf3 88.a5 Ra3 89.a6 Ra5 90.Bc6 Rxa6 91.Bd5 Ra3
92.Kd2 Rh3 93.Ke2 Ke5 94.Kd2 Kd4 95.Kc2 Rc3+ 96.Kd2 Re3 97.Kc2 Rg3 98.Kb2 Rc3
99.Ba8 Rc8 100.Bd5 Kd3 101.Kb3 Rb8+ 102.Ka4 Kd4 103.Ka5 Kc5 104.Ka4 Rb1 105.Ka3
Kd4 106.Ka4 Kc5 107.Ka3 Rb4 108.Ba8 Kc4 109.Bd5+ Kc3 110.Ka2 Ra4+ 111.Kb1 Ra6
112.Bf7 Rf6 113.Bd5 Rf2 114.Bg8 Rb2+ 115.Ka1 Rb4 116.e5 Re4 117.e6 Kb3 118.e7+
Kc3 119.Kb1 Rxe7 120.Ka2 Rb7 121.Be6 Rb2+ 122.Ka1 Kc2 123.Bf7 Rb6 124.Bg8 Ra6+
125.Ba2 Kc3 126.Kb1 Rb6+ 127.Ka1 Rb2 128.Bf7 Rb7 129.Be6 Re7 130.Bg8 Ra7+
131.Kb1 Kb4 132.Kc2 Ra3 133.Kd2 Rc3 134.Bf7 Rc7 135.Bg8 Rc3 136.Bf7 Ra3 137.Bg8
Kc5 138.Bf7 Kd4 139.Kc2 Rf3 140.Bg8 Rf8 141.Be6 Re8 142.Bf7 Re7 143.Bg8 Rc7+
144.Kb3 Rc3+ 145.Kb2 Rc7 146.Kb3 Kd3 147.Kb2 Rb7+ 148.Ka3 Kc3 149.Ka2 Rb2+
150.Ka1 Rb7 151.Be6 Re7 152.Ba2 Re1+ 153.Bb1 Rf1 154.Ka2 Rf2+ 155.Ka1 Kb3
156.Bh7 Ra2+ 157.Kb1 Rg2 158.Kc1 Rg7 159.Bf5 Kc3 160.Kb1

[Event "11th European Senior Chess Rapid Championship"]
[Site "Courmayeur, Aosta Valley - Italy"]
[Date "2011.04.05"]
[Round "9"]
[Board "1"]
[White "Butnorius, Algimantas"]
[Black "Gruzmann, Boris"]
[Result "1-0"]
[WhiteElo "2388"]
[BlackElo "2281"]
[PlyCount "73"]
[EventDate "2011.04.04"]
[EventRounds "9"]
[EventCountry "ITA"]

1.d4 Nf6 2.Nf3 g6 3.c4 Bg7 4.Nc3 O-O 5.e4 d6 6.Be2 Bg4 7.Be3 Nfd7 8.Rc1 e5 9.d5
f5 10.Ng5 f4 11.Bxg4 Qxg5 12.Bd2 h5 13.Be6+ Kh8 14.Qf3 Qe7 15.h4 Nc5 16.Bh3 a5
17.Ke2 a4 18.Rcg1 Bh6 19.g3 fxg3 20.Qxg3 Bxd2 21.Kxd2 Rg8 22.Qg5 Qxg5+ 23.Rxg5
Nbd7 24.Rhg1 Nf8 25.Bf5 Re8 26.Bxg6 Rxg6 27.Rxg6 Nxg6 28.Rxg6 Kh7 29.Rg5 Kh6
30.Ke3 Rf8 31.Ne2 Nd7 32.Ng3 Nf6 33.Nf5+ Kh7 34.Rg7+ Kh8 35.Rxc7 b5 36.f3 bxc4
37.Nxd6

[Event "11th European Senior Chess Rapid Championship"]
[Site "Courmayeur, Aosta Valley - Italy"]
[Date "2011.04.05"]
[Round "9"]
[Board "1"]
[White "Gaprindashvili, Nona"]
[Black "Fatalibekova, Elena"]
[Result "1/2-1/2"]
[WhiteElo "2362"]
[BlackElo "2282"]
[PlyCount "135"]
[EventDate "2011.04.04"]
[EventRounds "9"]
[EventCountry "ITA"]

1.d4 Nf6 2.c4 e6 3.Nc3 Bb4 4.g3 Bxc3+ 5.bxc3 d6 6.Bg2 Nbd7 7.Nf3 O-O 8.O-O Re8
9.Qc2 e5 10.Rd1 Qe7 11.e3 c5 12.h3 Rb8 13.a4 b6 14.a5 Bb7 15.d5 Qd8 16.e4 bxa5
17.Be3 Nb6 18.Nd2 a4 19.Kh2 Ba6 20.Bf1 Qe7 21.Bd3 Bc8 22.Rg1 h5 23.Qd1 Qd7
24.Qf1 g6 25.f4 Kg7 26.fxe5 Rxe5 27.Bf4 Re8 28.Re1 Qc7 29.Nf3 Nbd7 30.Qf2 Ne5
31.Nxe5 dxe5 32.Be3 Nd7 33.Qd2 Rb6 34.Ra1 Ra6 35.Ra2 Nb6 36.Qf2 Qd7 37.Qf1 Qd6
38.Rgg2 a3 39.Rgf2 f6 40.Bc1 Bd7 41.Bxa3 Ra4 42.Bc1 Rxa2 43.Rxa2 Ba4 44.Qe2 Re7
45.Qe3 g5 46.Ba3 Rc7 47.Rf2 Bb3 48.Qe2 Kg6 49.Rf5 Ba4 50.Qf1 Bd7 51.Rf2 Na4
52.Qe1 Rb7 53.Bc2 Nb2 54.Qb1 Nd3 55.Qxb7 Nxf2 56.Qxa7 h4 57.gxh4 Nxh3 58.Qxc5
Qa6 59.hxg5 Nxg5 60.Kg3 Qa8 61.Qf8 Qa7 62.Bc5 Qa1 63.Qg8+ Kh5 64.Qh8+ Kg6 65.Bf2
Qc1 66.Qg8+ Kh5 67.Qh8+ Kg6 68.Qg8+

[Event "11th European Senior Chess Rapid Championship"]
[Site "Courmayeur, Aosta Valley - Italy"]
[Date "2011.04.05"]
[Round "9"]
[Board "1"]
[White "Lederman, Leon"]
[Black "Khmiadashvili, Tamar"]
[Result "1-0"]
[WhiteElo "2266"]
[BlackElo "2194"]
[PlyCount "77"]
[EventDate "2011.04.04"]
[EventRounds "9"]
[EventCountry "ITA"]

1.e4 c6 2.d4 Na6 3.f4 Nc7 4.Nf3 d5 5.e5 g6 6.b3 Bf5 7.Be3 h5 8.c4 Bxb1 9.Rxb1 e6
10.Bd3 Nh6 11.c5 Be7 12.b4 Nf5 13.Bf2 b6 14.O-O Rb8 15.Qc2 O-O 16.Rfc1 b5 17.a4
bxa4 18.Qxa4 Qd7 19.g3 Nb5 20.Kg2 Rb7 21.h3 Rfb8 22.g4 Ng7 23.Be1 Bd8 24.Bd2 Ra8
25.Ra1 a6 26.Qc2 Qe8 27.Ra2 Rba7 28.Rca1 Kh7 29.Kf2 f5 30.exf6 Bxf6 31.Be3 h4
32.Kg2 Nc7 33.Bf2 Rb7 34.Bxh4 Qf7 35.Rf1 Rg8 36.g5 Bxd4 37.Nxd4 Rxb4 38.Nxc6
Rxf4 39.Ne5